Valentino : Themes and Variations /

Guardado en:
Detalles Bibliográficos
Autor principal: Valentino (diseñador)
Otros autores: Golbin, Pamela (curaduría) (curaduría), Durrleman, Sophie (dirección) (dirección)
Formato: Libro
Idioma:Inglés
Publicado: Nueva York, EUA : Rizzoli, 2025, c2008
Temas:
Etiquetas: Agrega una etiqueta
Sin etiquetas, Sé el primero en etiquetar este registro!

MARC

LEADER 00000nam^a2200000^a^4500
001 000588603
005 20250521000000.0
009 20260310132832.468
020 |a 978-0-8478-3172-2 
037 |a Acervo ITESO - Biblioteca 
041 |a ING 
082 |a 746. 92094509  |b VAL GOL 
100 |a Valentino  |e (diseñador) 
245 1 0 |a Valentino :  |b Themes and Variations /  |c Diseñador Valentino ; curaduría de P. Golbin ; dir. de S. Durrleman. 
264 4 |a Nueva York, EUA :  |b Rizzoli,  |c 2025, c2008 
300 |a 300 p. 
336 |a texto  |b txt  |2 rdacontenido 
337 |a sin mediación  |b n  |2 rdamedio 
338 |a volumen  |b nc  |2 rdasoporte 
521 |a Peticiones 2024 
649 |a XX 
650 |a Diseñadores de Moda Italianos 
650 |a Diseño de Moda -  |z Italia -  |x Historia -  |y Siglo XX 
650 |a Diseño de Moda -  |z Italia -  |x Historia -  |y Siglo XXI 
650 |a Moda -  |z Italia -  |x Historia -  |y Siglo XX 
650 |a Moda -  |z Italia -  |x Historia -  |y Siglo XXI 
650 |a Diseño Italiano -  |x Historia y Crítica 
650 |a Diseño Italiano -  |y Siglo XX 
650 |a Diseño Italiano -  |y Siglo XXI 
650 |a Arte Italiano -  |x Historia y Crítica 
650 |a Arte Italiano -  |y Siglo XX 
650 |a Arte Italiano -  |y Siglo XXI 
650 |a Valentino -  |x Tema Principal 
700 |a Golbin, Pamela  |e (curaduría) 
700 |a Durrleman, Sophie  |e (dirección) 
910 |a Fondo General 
920 |a Impresos - Libros 
930 |a Reserva Especial 
905 |a 103 
901 |a 0500338265  |b IT1  |c REE  |i C187089  |u 20250521 
902 |a https://opac.biblio.iteso.mx/vufind/Record/000588603